Juan Salvador Gaviota

Gespeichert in:
Bibliographische Detailangaben
1. Verfasser: Bach, Richard O (VerfasserIn)
Format: Buch
Sprache:Spanisch
Veröffentlicht: Buenos Aires Javier Vergara 1993
Schlagworte:
Tags: Tag hinzufügen
Keine Tags, Fügen Sie den ersten Tag hinzu!

MARC

LEADER 00000nam a2200000 a 4500
001 UCH4355
003 CL-VaPUC
008 090818e19930000AG |||||||||||||||||spa|d
082 0 4 |a 813  |b BAC  |2 21 
100 0 |a Bach, Richard O  |e author  |9 539879 
245 1 0 |a Juan Salvador Gaviota 
300 |a 127 p 
942 |c BK 
945 |d 20090818 00:00:00  |a lazolas 
260 |a Buenos Aires  |b Javier Vergara  |c 1993 
650 0 |a Novelas estadounidenses  |9 265217 
650 0 |a Literatura estadounidense  |9 317168 
650 0 |a Formas y géneros literarios  |9 324031 
583 |a last modification  |c 20090818 00:00:00  |k Rodrigo Vera 
999 |c 335680  |d 335678